| 000 | 00477 a2200145 4500 | ||
|---|---|---|---|
| 001 | ART_12438 | ||
| 005 | 20260410161906.0 | ||
| 008 | 260409a | ||
| 245 | 1 | 0 | _aOn the estimation of deterministic and stochastic frontier production functions |
| 100 | 1 | _aBroek, Julien Van Den | |
| 700 | 1 | _aFørsund, Finn Ragnar | |
| 700 | 1 | _aHjalmarsson, Lennart | |
| 700 | 1 | _aMeeusen, Wim | |
| 773 | 0 |
_tJournal of econometrics _g- Vol. 13, Nº 1 (may. 1980) _wREV11720 |
|
| 999 |
_c26367 _d26367 |
||